UM Logo

Cost accounting & cost management/ (Record no. 1702)

MARC details
000 -LEADER
fixed length control field 00602nam a2200193 4500
008 - FIXED-LENGTH DATA ELEMENTS--GENERAL INFORMATION
fixed length control field 160413b xxu||||| |||| 00| 0 eng d
020 ## - INTERNATIONAL STANDARD BOOK NUMBER
International Standard Book Number 9789715870464
082 ## - DEWEY DECIMAL CLASSIFICATION NUMBER
Edition number 2009
Classification number DFil 657.42
Item number V63c
100 ## - MAIN ENTRY--PERSONAL NAME
9 (RLIN) 5386
Personal name Vicente, Maria Violeta V.
245 ## - TITLE STATEMENT
Title Cost accounting & cost management/
Statement of responsibility, etc. Maria Violeta V. Vicente.
250 ## - EDITION STATEMENT
Edition statement 2009 Edition
260 ## - PUBLICATION, DISTRIBUTION, ETC. (IMPRINT)
Place of publication, distribution, etc. Mandaluyong City:
Name of publisher, distributor, etc. Mutual Books,
Date of publication, distribution, etc. c2009.
300 ## - PHYSICAL DESCRIPTION
Extent 534 pages:
Other physical details illustrations;
Dimensions 23 cm.
500 ## - GENERAL NOTE
General note Includes index.
650 #0 - SUBJECT ADDED ENTRY--TOPICAL TERM
9 (RLIN) 5387
Topical term or geographic name as entry element Cost accounting
650 #0 - SUBJECT ADDED ENTRY--TOPICAL TERM
9 (RLIN) 8583
Topical term or geographic name as entry element Cost management
365 ## - TRADE PRICE
Price amount 550.00
Currency code Php
942 ## - ADDED ENTRY ELEMENTS (KOHA)
Source of classification or shelving scheme Dewey Decimal Classification
Koha item type Books
Holdings
Withdrawn status Lost status Source of classification or shelving scheme Damaged status Not for loan Collection code Home library Current library Shelving location Date acquired Source of acquisition Total Checkouts Full call number Barcode Date last seen Date last checked out Copy number Price effective from Koha item type
    Dewey Decimal Classification     Filipiniana UM Digos College - LIC UM Digos College - LIC Book Cart 09/18/2009 Purchased 8 DFil 657.42 V63 2009 18162 05/15/2025 09/18/2023 1 04/13/2016 Filipiniana